00317nam a22000977a 4500008004100000100003600041245006100077260002300138300003700161773002100198210708b ||||| |||| 00| 0 eng d aBansal, Prachi and Rawal, Vikas aEconomic liberalization and fertilizer polices in India  aSocial Scientist  a48(9-10), Sep-Oct, 2020: p.33-54 aSocial Scientist